Nazeer Akabrabadi ke kavya mein yadharthbodh/ (Record no. 58963)

000 -LEADER
fixed length control field 00406nam a22001577a 4500
020 ## - INTERNATIONAL STANDARD BOOK NUMBER
ISBN 8190378082
082 ## - DEWEY DECIMAL CLASSIFICATION NUMBER
Classification number H100 9
Item number SHA/N
100 ## - MAIN ENTRY--AUTHOR NAME
Personal name Shamshad Ali
245 ## - TITLE STATEMENT
Title Nazeer Akabrabadi ke kavya mein yadharthbodh/
Statement of responsibility, etc by Shamshad Ali
260 ## - PUBLICATION, DISTRIBUTION, ETC. (IMPRINT)
Place of publication Delhi:
Name of publisher Anirudh Books,
Year of publication 2013.
300 ## - PHYSICAL DESCRIPTION
Number of Pages 174p.
650 ## - SUBJECT ADDED ENTRY--TOPICAL TERM
Topical Term Poetry Hindi Criticism
650 ## - SUBJECT ADDED ENTRY--TOPICAL TERM
Topical Term Literature Hindi
650 ## - SUBJECT ADDED ENTRY--TOPICAL TERM
Topical Term Literature
942 ## - ADDED ENTRY ELEMENTS (KOHA)
Koha item type Book
Holdings
Withdrawn status Lost status Damaged status Not for loan Permanent Location Current Location Shelving location Date acquired Cost, normal purchase price Full call number Accession Number Price effective from Koha item type
        Sree Sankaracharya University of Sanskrit Sree Sankaracharya University of Sanskrit Stacks 23.02.2016 300.00 H100 9 SHA/N 080547 23.02.2016 Book